00742nam a22002177a 450000500170000001000130001702000100003003500130004003700160005308200160006910000270008524500750011226000420018727000420022930000310027165000200030265000340032294200250035699900190038195201240040020170124110133.0 aA-408353 c33.00 aA-408353 bCen Lib/Ret a658.15bJEE aJeevanandam, C.932457 aManagement accounting ;cby C. Jeevananadam ba handbbok for bankers / aNew DelhibSultan chand & sons c1988 bNew Delhia4792/23, Daryaganje110002 avarious pagings c21cm(Hb) aCosting 925020 aManagament accounting 932458 2ddccENh658.15mJEE c131677d131677 00104070aLbLd2015-07-15eCen Lib/Retg33.00l0o658.15 JEEpA-408353r2015-07-15 00:00:00t1v0.00w2015-07-15yEN